000 00468cam a2200205ua 4500
001 12057
005 20260515114831.0
008 200212n ii |||gr||||Z||||||eng
020 _a9788194338383
040 _cMAIN
041 _aeng
082 _a370
100 _aLokman Ali,
_eAuthor.
245 _aGender and education
_cBy Lokman Ali
250 _a1st ed.
260 _aDibrugarh:
_bBanalata,
_c2020.
300 _a95p.
653 _aEducation
942 _cBK
999 _c10827
_d10827